Normal view
MARC view
Entry Topical Term
001 - CONTROL NUMBER
- control field: 265985
003 - CONTROL NUMBER IDENTIFIER
- control field: OSt
005 - DATE AND TIME OF LATEST TRANSACTION
- control field: 20260625104654.0
008 - FIXED-LENGTH DATA ELEMENTS
- fixed length control field: 260625|| aca||aabn | a|a d
040 ## - CATALOGING SOURCE
- Original cataloging agency: OSt
- Transcribing agency: OSt
150 ## - HEADING--TOPICAL TERM
- Topical term or geographic name entry element: Sanskrit Dictionaries
670 ## - SOURCE DATA FOUND
- Source citation: Work cat.: (OSt)107091: KORGI (Vidvan) and UPADHYAYA (Venkateshwara). ಕೋರ್ಗಿ (ವಿದ್ವಾನ್) ಮತ್ತು ಉಪಾಧ್ಯಾಯ (ವೆಂಕಟೇಶ್ವರ) 265984, Pancha Prapancha., 2003